History Quiz

Random History or Blitz Quiz

Name a Recent World Leader Quiz Stats

 Plays Quiz Updated Aug 25, 2018

Challenge
Share
Tweet
Embed
Score 0/18 Timer 03:00
1 Play Today
Country Leader % Correct
USAHarry S. Truman...
99.3%
RussiaVyacheslav Molotov...
97.4%
UKClement Attlee...
97.3%
CubaCarlós Prío Socarrás...
90.5%
GermanyKonrad Adenauer...
89.7%
South KoreaRhee Syng-man...
86.8%
North KoreaKim Il-sung...
86.6%
Vatican CityPius XII...
84.6%
ChinaMao Zedong...
83.2%
Country Leader % Correct
FranceVincent Auriol...
81.3%
IsraelDavid Ben-Gurion...
78.7%
EgyptMuhammad Naguib...
69.1%
VietnamHồ Chí Minh...
67.7%
CanadaLouis St. Laurent...
59%
SpainFrancisco Franco...
50.7%
JordanAbdullah I...
49%
Saudi ArabiaAbdulaziz...
47.7%
AustraliaRobert Menzies...
39.3%

You're not logged in!

Compare scores with friends on all Sporcle quizzes.
Join for Free
OR
Log In

You Might Also Like...

Show Comments

Extras

Top Quizzes Today


Score Distribution

Your Account Isn't Verified!

In order to create a playlist on Sporcle, you need to verify the email address you used during registration. Go to your Sporcle Settings to finish the process.

Report this User

Report this user for behavior that violates our Community Guidelines.

Details: